[Event "12. Sueder Sommerpokal"]
[Site "Recklinghausen"]
[Date "2001.08.11"]
[Round "8"]
[White "Sprewitz, Ingo"]
[Black "Deinert, Wolfgang"]
[Result "1-0"]
[WhiteElo "1562"]
[BlackElo "1771"]
[PlyCount "99"]

1. e4 e6 2. d4 d5 3. Nc3 Bb4 4. Qg4 Ne7 5. Qxg7 Rg8 6. Qh6 dxe4 7. Be3 Qd5 8.
Qxh7 Bxc3+ 9. bxc3 Qa5 10. Bd2 Bd7 11. Nh3 Bc6 12. Nf4 Nd7 13. Qh5 Qxh5 14.
Nxh5 Nf5 15. Ng3 Nxg3 16. hxg3 O-O-O 17. Rh7 Rdf8 18. O-O-O Nf6 19. Rh4 Ng4 20.
Be1 e3 21. f3 e2 22. Bxe2 Ne3 23. Rd3 Nxg2 24. Rh1 Nxe1 25. Rxe1 Rxg3 26. Re3
Rh8 27. Rf1 Rh2 28. Bd3 Rgg2 29. Rfe1 Rf2 30. R1e2 Rh1+ 31. Kb2 Rxf3 32. Rxf3
Bxf3 33. Re5 Rh5 34. Re3 Bg4 35. Bc4 Kd7 36. Kb3 c5 37. Re1 Bf5 38. Re5 cxd4
39. cxd4 Rh3+ 40. Kb2 Rh2 41. Bb3 Kd6 42. Rc5 Be4 43. Re5 Bf3 44. Re3 Bd5 45.
Ba4 f5 46. Rg3 Rh4 47. Kc3 Bxa2 48. Rg7 Rh3+ 49. Kb2 Bd5 50. Rd7# 1-0

[Event "12. Sueder Sommerpokal"]
[Site "Recklinghausen"]
[Date "2001.08.11"]
[Round "8"]
[White "Bettendorf, Heinz"]
[Black "Oberste, Norbert"]
[Result "1-0"]
[WhiteElo "1712"]
[BlackElo "1624"]
[PlyCount "47"]

1. e4 e6 2. d4 d5 3. Nc3 Nf6 4. Bg5 Be7 5. e5 Nfd7 6. h4 c5 7. Nb5 Qa5+ 8. c3
c4 9. Bxe7 Qxb5 10. Ba3 Nc6 11. Qg4 Rg8 12. Nh3 h6 13. Be2 Qa5 14. O-O b5 15.
Bd6 Bb7 16. f4 Ne7 17. Bxe7 Kxe7 18. f5 Qb6 19. Nf4 Nxe5 20. Qh3 Nd7 21. fxe6
fxe6 22. Bg4 Nf8 23. Rae1 Bc8 24. Nxd5+ 1-0

[Event "12. Sueder Sommerpokal"]
[Site "Recklinghausen"]
[Date "2001.08.11"]
[Round "8"]
[White "Koenig, Daniela"]
[Black "Kiefer, Johannes"]
[Result "0-1"]
[WhiteElo "1492"]
[BlackElo "1704"]
[PlyCount "120"]

1. e4 c5 2. Nf3 Nc6 3. d4 cxd4 4. Nxd4 e5 5. Nb3 h6 6. Nc3 Nf6 7. Bd3 Be7 8.
Be3 O-O 9. Qd2 Ng4 10. Nd5 Nxe3 11. Nxe7+ Nxe7 12. Qxe3 b6 13. O-O-O Qc7 14.
Rd2 Bb7 15. Re1 a5 16. Bb5 Rfd8 17. Rd3 Bc6 18. Bxc6 Nxc6 19. a4 Nb4 20. Re2
Nxd3+ 21. Qxd3 Rac8 22. Nd2 Qc6 23. b3 d5 24. Nf3 dxe4 25. Qxe4 Qxe4 26. Rxe4
f6 27. Nh4 Rd4 28. Rxd4 exd4 29. Nf5 Rd8 30. Kd2 Kf7 31. Kd3 h5 32. Nxd4 Rc8
33. Nb5 Ke7 34. c3 g6 35. g3 Rd8+ 36. Nd4 Rc8 37. Nb5 g5 38. h3 f5 39. f3 Rf8
40. Nd4 h4 41. gxh4 gxh4 42. Kc4 Rf6 43. Kb5 f4 44. Ne2 Kd7 45. c4 Kc7 46. Nc3
Kb7 47. Nd5 Rf5 48. b4 axb4 49. Kxb4 Ka6 50. Nc7+ Kb7 51. Nd5 Rg5 52. Nxf4 Rg3
53. a5 bxa5+ 54. Kxa5 Rxf3 55. Ng6 Rxh3 56. Kb4 Rh1 57. Kc5 h3 58. Ne5 Rd1 59.
Nf3 Rf1 60. Nh2 Rf2 0-1

[Event "12. Sueder Sommerpokal"]
[Site "Recklinghausen"]
[Date "2001.08.11"]
[Round "8"]
[White "Wolters, Gunnar"]
[Black "Samisch, Romuald"]
[Result "1-0"]
[WhiteElo "1432"]
[BlackElo "1677"]
[PlyCount "77"]

1. e4 e5 2. Nf3 Nf6 3. Nc3 Nc6 4. Bb5 Nd4 5. Ba4 Bc5 6. d3 O-O 7. O-O d6 8. h3
c6 9. Bg5 h6 10. Bh4 Ne6 11. Ne2 Nf4 12. Nxf4 exf4 13. Bxf6 Qxf6 14. d4 Bb6 15.
c3 Qg6 16. Re1 Bxh3 17. Nh4 Qg5 18. Qd2 Be6 19. Nf3 Qh5 20. Kf1 g5 21. Ng1 g4
22. Bd1 Qg6 23. Ne2 Qf6 24. Bc2 f3 25. gxf3 gxf3 26. Ng3 Bg4 27. e5 Qg7 28.
exd6 h5 29. Re4 Bh3+ 30. Ke1 Rae8 31. Qe3 Bd7 32. Kd2 h4 33. Rg1 Rxe4 34. Bxe4
Kh8 35. Rh1 h3 36. Nf5 Bxf5 37. Bxf5 Bd8 38. Rxh3+ Kg8 39. Rg3 1-0

[Event "12. Sueder Sommerpokal"]
[Site "Recklinghausen"]
[Date "2001.08.11"]
[Round "8"]
[White "Rolle, Harald"]
[Black "Bergmann, Josef"]
[Result "0-1"]
[WhiteElo "1418"]
[BlackElo "1774"]
[PlyCount "54"]

1. e4 d5 2. exd5 Qxd5 3. Nc3 Qa5 4. Nf3 c6 5. a4 Bf5 6. Be2 Nf6 7. O-O e6 8.
Re1 Nbd7 9. d3 O-O-O 10. Bd2 Qb6 11. Qc1 Ng4 12. Rf1 Bc5 13. Nd1 Ndf6 14. h3 h5
15. a5 Qc7 16. a6 b6 17. hxg4 hxg4 18. Bf4 Bd6 19. Bxd6 Qxd6 20. g3 gxf3 21.
Bxf3 Bg4 22. Bg2 Bh3 23. Qg5 Bxg2 24. Kxg2 Rh5 25. Qxg7 Qd5+ 26. f3 Rdh8 27.
Kf2 Rh2+ 0-1

[Event "12. Sueder Sommerpokal"]
[Site "Recklinghausen"]
[Date "2001.08.11"]
[Round "8"]
[White "Klees, Robert"]
[Black "Stein, Daniel"]
[Result "0-1"]
[WhiteElo "1239"]
[BlackElo "1601"]
[PlyCount "30"]

1. d4 e6 2. c4 Nf6 3. Nc3 Bb4 4. Qc2 c5 5. dxc5 Na6 6. g3 O-O 7. Bg2 Nxc5 8.
Bd2 Qe7 9. e3 Rd8 10. Nge2 d5 11. cxd5 exd5 12. Bxd5 Nxd5 13. Nxd5 Rxd5 14.
Bxb4 Nd3+ 15. Qxd3 Qxb4+ 0-1

[Event "12. Sueder Sommerpokal"]
[Site "Recklinghausen"]
[Date "2001.08.11"]
[Round "8"]
[White "Klutschko, Oleg"]
[Black "Zhang, Fan"]
[Result "0-1"]
[WhiteElo "1233"]
[BlackElo "1567"]
[PlyCount "112"]

1. e4 e6 2. d4 d5 3. Nc3 Nf6 4. e5 Nfd7 5. Bf4 c5 6. Nf3 Nc6 7. Ne2 b6 8. c3
Ba6 9. Qd2 cxd4 10. Nexd4 Nxd4 11. Bxa6 Nxf3+ 12. gxf3 Bc5 13. O-O-O Qh4 14.
Rhf1 Rb8 15. c4 Bb4 16. Qd4 g5 17. Bg3 Qxd4 18. Rxd4 dxc4 19. Bxc4 Bc5 20. Rd3
b5 21. Bb3 Ke7 22. f4 Rbc8 23. Kd1 h6 24. h4 gxh4 25. Bxh4+ Ke8 26. Ke2 Bb6 27.
Rfd1 Nf8 28. Rf3 a5 29. f5 a4 30. fxe6 fxe6 31. Bxe6 Nxe6 32. Rf6 Nd4+ 33. Kd3
Bd8 34. Kxd4 Rc4+ 35. Kd5 Rxh4 36. Re6+ Kf7 37. Rf1 Rd4+ 38. Kxd4 Kxe6 39. f4
Kf5 40. Kd5 Be7 41. Kc6 b4 42. Kd7 Bh4 43. Rh1 Rh7+ 44. Kd6 Be7+ 45. Kd5 h5 46.
Rf1 h4 47. Kd4 h3 48. Ke3 h2 49. Rh1 Bc5+ 50. Kf3 Bg1 51. Kg3 Rd7 52. Kf3 Rd2
53. e6 Kxe6 54. Kg4 Rxb2 55. Kg5 Rg2+ 56. Kh4 Rxa2 0-1

[Event "12. Sueder Sommerpokal"]
[Site "Recklinghausen"]
[Date "2001.08.11"]
[Round "8"]
[White "Nioduschewski, Nils"]
[Black "Jungbluth, Michael"]
[Result "0-1"]
[WhiteElo "1212"]
[BlackElo "1465"]
[PlyCount "58"]

1. d4 Nf6 2. Nc3 g6 3. Bf4 d6 4. Nf3 Bg7 5. g3 O-O 6. Bg2 Bf5 7. O-O Nc6 8. Re1
Qd7 9. h3 Bxh3 10. e4 Bxg2 11. Kxg2 Nh5 12. d5 Nd8 13. Be3 c5 14. Rb1 b6 15.
Qd3 e6 16. b3 exd5 17. exd5 Re8 18. Ne4 Nb7 19. c4 Qf5 20. Bd2 Kh8 21. Nh2 Nf6
22. g4 Nxg4 23. Nxg4 Qxg4+ 24. Ng3 Be5 25. Bc3 f6 26. Qe4 Qd7 27. Bxe5 Rxe5 28.
Qd3 Rae8 29. Ne4 Qg4+ 0-1

[Event "12. Sueder Sommerpokal"]
[Site "Recklinghausen"]
[Date "2001.08.11"]
[Round "8"]
[White "Baumann, Ralf-Ruediger"]
[Black "Krassontowitsch, Valentin"]
[Result "1-0"]
[WhiteElo "1460"]
[BlackElo "1020"]
[PlyCount "59"]

1. e4 e5 2. Nf3 Nc6 3. Bb5 d6 4. d4 exd4 5. Nxd4 Bd7 6. Nxc6 bxc6 7. Bc4 Nf6 8.
Nc3 Be7 9. O-O O-O 10. h3 Rb8 11. Rb1 Be6 12. Ba6 d5 13. Re1 dxe4 14. Qxd8
Rfxd8 15. b3 Bd5 16. Be3 Bb4 17. Nxd5 cxd5 18. Red1 c5 19. Bf4 Rb6 20. Bc7 Rxa6
21. Bxd8 Rxa2 22. Ra1 Rxc2 23. Rxa7 d4 24. Ra8 Ne8 25. Be7 h6 26. Rxe8+ Kh7 27.
Bd6 d3 28. Rxe4 c4 29. Bxb4 cxb3 30. Ba3 1-0